[Event "Thessaloniki White Tower op-C 41th"]
[Site "Thessaloniki"]
[Date "2019.01.06"]
[Round "5.35"]
[White "Oikonomou, Nikolaos Ch"]
[Black "Kiourtzidis, Anastasios Stanisla"]
[Result "0-1"]
[WhiteElo "1000"]
[BlackElo "1000"]
[PlyCount "62"]
[EventDate "2019.01.02"]
[EventType "swiss"]
[EventRounds "6"]
[EventCountry "GRE"]
[SourceTitle "EXT 2024"]
[Source "ChessBase"]
[SourceDate "2023.10.10"]
[SourceVersion "1"]
[SourceVersionDate "2023.10.10"]
[SourceQuality "1"]

1. e4 e5 2. Bc4 Nf6 3. Nc3 Bc5 4. Nf3 0-0 5. 0-0 Nc6 6. Qe2 d6 7. d3 Na5 8. Bd2 Bg4 9. Na4 Qe8 10. Nxc5 dxc5 11. Bxa5 Qa4 12. Qe1 b6 13. b3 Qa3 14. h3 Bd7 15. Bc3 b5 16. Rb1 bxc4 17. d4 exd4 18. Bb2 Qxa2 19. e5 Nh5 20. Ra1 Qxb2 21. Qc1 Qxc1 22. Raxc1 cxb3 23. cxb3 Be6 24. Rfd1 Bxb3 25. Rd3 Bd5 26. Rxc5 Be4 27. Rxd4 Bxf3 28. gxf3 Rfd8 29. Rh4 g6 30. f4 Rac8 31. f5 Ng7 0-1

[Event "GRE-chT 39th"]
[Site "Eretria"]
[Date "2011.07.08"]
[Round "7.14"]
[White "Liaskos, Leonidas"]
[Black "Oikonomou, Nikolaos Ch"]
[Result "1-0"]
[WhiteElo "2107"]
[BlackElo "1407"]
[PlyCount "61"]
[EventDate "2011.07.03"]
[EventType "team-swiss"]
[EventRounds "7"]
[EventCountry "GRE"]
[SourceTitle "CBM 143 Extra"]
[Source "ChessBase"]
[SourceDate "2011.08.29"]
[SourceVersion "1"]
[SourceVersionDate "2011.08.29"]
[SourceQuality "1"]
[WhiteTeam "Aigaleo"]
[BlackTeam "Amfissa Chess Union"]
[WhiteTeamCountry "GRE"]
[BlackTeamCountry "GRE"]

1. e4 c5 2. Nf3 d6 3. d4 cxd4 4. Nxd4 Nf6 5. Nc3 a6 6. Be3 e5 7. Nb3 Be6 8. Qd2 Nbd7 9. f4 b5 10. Bd3 exf4 11. Bxf4 Be7 12. 0-0-0 0-0 13. h3 Qc7 14. g4 Ne5 15. Nd5 Bxd5 16. exd5 Nxd3+ 17. Qxd3 Rac8 18. Rh2 Qc4 19. Qf3 Nd7 20. Rd4 Qc7 21. Qg3 Nc5 22. g5 Nxb3+ 23. axb3 Rfd8 24. h4 Qc5 25. Be3 Qc7 26. h5 Bf8 27. g6 Rd7 28. Rg4 f6 29. h6 gxh6 30. gxh7+ Kh8 31. Rg8+ 1-0